000 00844njm a2200277Ia 4500
001 21057
003 IT-RoPAU
005 20220918181135.0
008 131025s9999 xx 000 0 und d
040 _aIT-RoPAU
040 _cIT-RoPAU
999 _c100877
_d100877
999 _bn.d.
100 _aProkofiev Sergiej
_94664
100 _eAutore musica
_94665
100 _gCodice autore musica SPICS: 11086
_94666
245 _aAlexander Nevski op 78 bis per mezzosoprano coro e orchestra
250 _a1a ed.
260 _aROMA
260 _bSPICS RECORDS
_c1982 [1a Ed.:1982 - Ed. Lingua Orig.: 1938]
300 _aMUSICASSETTA
300 _c43 minuti (Testo: pag.)
500 _aMusica operistica. Colonna sonora.
505 _aMusica per il film omonimo di Einstein
650 _aOPERA [CASSETTE]
_eCodice MATERIA SPICS: 9951
_94094
942 _cMC
_2ddc